[Event "ITA-ch 82nd"]
[Site "Brescia"]
[Date "2023.12.05"]
[Round "7"]
[White "Dvirnyy, Danyyil"]
[Black "Santagati, Alessandro"]
[Result "1/2-1/2"]
[WhiteElo "2495"]
[BlackElo "2242"]
[PlyCount "142"]
[EventDate "2023.11.28"]
[EventType "tourn"]
[EventRounds "11"]
[EventCountry "ITA"]
[EventCategory "9"]
[SourceTitle "CB50_2023"]
[SourceDate "2023.12.13"]
[SourceVersion "1"]
[SourceVersionDate "2023.12.13"]
[SourceQuality "1"]

1. c4 e6 2. Nc3 d5 3. e3 Nf6 4. Nf3 c5 5. cxd5 exd5 6. d4 Nc6 7. Bb5 Bd6 8. 0-0 0-0 9. dxc5 Bxc5 10. b3 Bg4 11. Bb2 a6 12. Be2 Qd6 13. h3 Be6 14. Ng5 Rad8 15. Rc1 Ba7 16. Qc2 Bb8 17. g3 h6 18. Nxe6 fxe6 19. Rcd1 Nh7 20. Kh1 Qc5 21. Qg6 Nf6 22. Na4 Qd6 23. Nc3 Ne7 24. Qc2 Qc5 25. Bd3 Rc8 26. Qd2 Qc6 27. Ne2 d4+ 28. Kg1 dxe3 29. Qxe3 Nf5 30. Bxf5 exf5 31. Nd4 Qe4 32. Qxe4 Nxe4 33. Ne6 Rf7 34. Nxg7 Rxg7 35. Bxg7 Kxg7 36. Rd7+ Kf6 37. Rxb7 Bd6 38. Rb6 Rc2 39. Rxa6 Ke7 40. Ra7+ Ke6 41. Ra6 Ke5 42. Ra5+ Ke6 43. g4 Bc5 44. gxf5+ Kf6 45. Kg2 h5 46. h4 Bxf2 47. Ra6+ Bb6+ 48. Kf3 Nd2+ 49. Kf4 Nxf1 50. Rxb6+ Kf7 51. a4 Rf2+ 52. Kg5 Rg2+ 53. Kxh5 Rg8 54. Rg6 Rb8 55. Kg5 Nd2 56. h5 Rxb3 57. Rf6+ Ke7 58. Re6+ Kf7 59. h6 Rb4 60. Rf6+ Ke7 61. Kg6 Rg4+ 62. Kh5 Rxa4 63. h7 Nf3 64. Re6+ Kf7 65. h8N+ Kg7 66. Ng6 Nd4 67. Re7+ Kf6 68. Re4 Kxf5 69. Rf4+ Ke6 70. Kg4 Rb4 71. Nh4 Nc6 1/2-1/2

[Event "ITA-ch 82nd"]
[Site "Brescia"]
[Date "2023.12.04"]
[Round "6"]
[White "Santagati, Alessandro"]
[Black "Gilevich, Artem"]
[Result "1-0"]
[WhiteElo "2242"]
[BlackElo "2408"]
[PlyCount "93"]
[EventDate "2023.11.28"]
[EventType "tourn"]
[EventRounds "11"]
[EventCountry "ITA"]
[EventCategory "9"]
[SourceTitle "CB50_2023"]
[SourceDate "2023.12.13"]
[SourceVersion "1"]
[SourceVersionDate "2023.12.13"]
[SourceQuality "1"]

1. e4 c6 2. Nc3 d5 3. Nf3 dxe4 4. Nxe4 Nf6 5. Qe2 Nxe4 6. Qxe4 Qd5 7. Qf4 Qf5 8. Qe3 Qe6 9. b3 Qxe3+ 10. fxe3 Bf5 11. Nh4 Be4 12. d3 g5 13. Bb2 Rg8 14. Nf3 Bxf3 15. gxf3 Bg7 16. d4 Nd7 17. h4 h6 18. 0-0-0 0-0-0 19. Bc4 e6 20. hxg5 hxg5 21. Rdg1 Nb6 22. Bd3 Nd5 23. Kd2 c5 24. c4 Nb4 25. Bh7 cxd4 26. Bxg8 dxe3+ 27. Kxe3 Bxb2 28. Rxg5 Bc3 29. Rg2 Rd3+ 30. Kf4 e5+ 31. Kg4 Rd4+ 32. Kg5 Rf4 33. Rh7 f6+ 34. Kg6 a5 35. Be6+ Kb8 36. Bf5 Na6 37. Be4 Nc5 38. Bd5 f5 39. Kg5 Bd4 40. Re2 Bc3 41. Rf7 a4 42. bxa4 Ka7 43. Rxf5 Rxf5+ 44. Kxf5 Kb6 45. Rxe5 Bxe5 46. Kxe5 Nxa4 47. Kd6 1-0

[Event "ITA-ch 82nd"]
[Site "Brescia"]
[Date "2023.12.01"]
[Round "4"]
[White "Santagati, Alessandro"]
[Black "Basso, Pier Luigi"]
[Result "0-1"]
[WhiteElo "2242"]
[BlackElo "2483"]
[PlyCount "48"]
[EventDate "2023.11.28"]
[EventType "tourn"]
[EventRounds "11"]
[EventCountry "ITA"]
[EventCategory "9"]
[SourceTitle "CB50_2023"]
[SourceDate "2023.12.13"]
[SourceVersion "1"]
[SourceVersionDate "2023.12.13"]
[SourceQuality "1"]

1. e4 e5 2. d4 exd4 3. Qxd4 Nc6 4. Qc4 Nf6 5. Nc3 Bb4 6. Nge2 d6 7. Bg5 h6 8. Bh4 Be6 9. Qd3 Bc5 10. f4 g5 11. fxg5 Ne5 12. Qb5+ c6 13. Qxb7 Rb8 14. Qa6 Bc8 15. Qa4 hxg5 16. Bxg5 Rb4 17. Nd5 Nxd5 18. Bxd8 Rxa4 19. exd5 Kxd8 20. dxc6 Ng4 21. Nc3 Re8+ 22. Be2 Bb4 23. h3 Bxc3+ 24. bxc3 Ba6 0-1

[Event "ITA-ch 82nd"]
[Site "Brescia"]
[Date "2023.11.29"]
[Round "2"]
[White "Santagati, Alessandro"]
[Black "Lumachi, Gabriele"]
[Result "0-1"]
[WhiteElo "2242"]
[BlackElo "2395"]
[PlyCount "84"]
[EventDate "2023.11.28"]
[EventType "tourn"]
[EventRounds "11"]
[EventCountry "ITA"]
[EventCategory "9"]
[SourceTitle "CB50_2023"]
[SourceDate "2023.12.13"]
[SourceVersion "1"]
[SourceVersionDate "2023.12.13"]
[SourceQuality "1"]

1. e4 e5 2. Bc4 Nf6 3. d3 Nc6 4. Nc3 Na5 5. Nge2 Nxc4 6. dxc4 Bc5 7. 0-0 a5 8. Na4 Ba7 9. Nec3 d6 10. h3 0-0 11. b3 Bd4 12. Rb1 Bd7 13. Qd3 Nh5 14. Nb5 Qh4 15. Nxd4 exd4 16. Qxd4 f5 17. Nc5 Bc8 18. Qd5+ Kh8 19. Nxb7 Nf6 20. Qc6 Qxe4 21. Nxa5 Rxa5 22. Qxc7 Rxa2 23. Qxd6 Rg8 24. Rb2 Ra6 25. Qd3 Qe8 26. b4 Ne4 27. Bf4 h6 28. b5 Re6 29. Qd4 Kh7 30. f3 Nf6 31. c5 g5 32. Bd6 Qg6 33. Qd3 Nh5 34. c4 Rge8 35. g4 Ng7 36. Rff2 Re3 37. Qd5 fxg4 38. hxg4 Rd3 39. Qc6 Rd1+ 40. Kg2 h5 41. Rfe2 Qd3 42. Rf2 hxg4 0-1

[Event "ITA-chT playoff 54th"]
[Site "Bacoli"]
[Date "2023.05.01"]
[Round "1"]
[White "Santagati, Alessandro"]
[Black "Manca, Federico"]
[Result "0-1"]
[WhiteElo "2205"]
[BlackElo "2339"]
[PlyCount "52"]
[EventDate "2023.05.01"]
[EventType "team-tourn"]
[EventRounds "4"]
[EventCountry "ITA"]
[SourceTitle "CBM 213 Extra"]
[Source "ChessBase"]
[SourceDate "2023.05.31"]
[SourceVersion "1"]
[SourceVersionDate "2023.05.31"]
[SourceQuality "1"]
[WhiteTeam "Carrera Don Pietro"]
[BlackTeam "Le Due Torri Volvo"]
[WhiteTeamCountry "ITA"]
[BlackTeamCountry "ITA"]

1. d4 g6 2. Nc3 Bg7 3. e4 d6 4. Bg5 a6 5. f4 b5 6. Qd2 Nd7 7. e5 Bb7 8. Bd3 c5 9. exd6 cxd4 10. dxe7 Nxe7 11. Ne4 0-0 12. Nf3 f6 13. Bh4 Nf5 14. 0-0 Qb6 15. Rfe1 Rae8 16. Bf2 Bh6 17. g4 Ne3 18. Nxd4 Qxd4 19. Bxe3 Qd5 20. f5 Rxe4 21. Bxe4 Qxe4 22. Bxh6 Qh1+ 23. Kf2 Qxh2+ 24. Kf1 Qh1+ 25. Kf2 Qg2+ 26. Ke3 Re8+ 0-1

[Event "ITA-chT GpB playoff 54th"]
[Site "Bacoli"]
[Date "2023.04.30"]
[Round "1"]
[White "Gilevich, Artem"]
[Black "Santagati, Alessandro"]
[Result "1-0"]
[WhiteElo "2411"]
[BlackElo "2205"]
[PlyCount "91"]
[EventDate "2023.04.30"]
[EventType "team-tourn"]
[EventRounds "4"]
[EventCountry "ITA"]
[SourceTitle "CBM 213 Extra"]
[Source "ChessBase"]
[SourceDate "2023.05.31"]
[SourceVersion "1"]
[SourceVersionDate "2023.05.31"]
[SourceQuality "1"]
[WhiteTeam "Etna Scacchi"]
[BlackTeam "Carrera Don Pietro"]
[WhiteTeamCountry "ITA"]
[BlackTeamCountry "ITA"]

1. Nf3 Nf6 2. c4 e6 3. Nc3 d5 4. d4 c6 5. Qb3 Nbd7 6. g3 Be7 7. Bg2 0-0 8. 0-0 b6 9. Rd1 a5 10. cxd5 exd5 11. Bf4 Bb7 12. Rac1 Nh5 13. Be5 Kh8 14. e4 f6 15. Bf4 Nxf4 16. gxf4 dxe4 17. Nxe4 Re8 18. f5 a4 19. Qf7 a3 20. b3 Bb4 21. Ne5 fxe5 22. dxe5 Nxe5 23. Qxb7 Qb8 24. Qxb8 Raxb8 25. Rd4 Bf8 26. Rcd1 b5 27. Nd6 Bxd6 28. Rxd6 c5 29. Bd5 Red8 30. Be6 Nf3+ 31. Kg2 Rxd6 32. Rxd6 Nd4 33. Rd5 Nc2 34. Rd2 Nb4 35. Kf3 h5 36. Kf4 Kh7 37. Kg5 h4 38. Rd7 Rf8 39. Rd2 Rb8 40. h3 Rb6 41. Rd8 Nc6 42. Rd6 Ra6 43. Bc8 Rb6 44. Bd7 c4 45. bxc4 bxc4 46. Rxc6 1-0

[Event "ITA-chT GpA 54th"]
[Site "Bacoli"]
[Date "2023.04.28"]
[Round "5"]
[White "Santagati, Alessandro"]
[Black "Genocchio, Daniele"]
[Result "1-0"]
[WhiteElo "2205"]
[BlackElo "2356"]
[PlyCount "91"]
[EventDate "2023.04.25"]
[EventType "team-tourn"]
[EventRounds "7"]
[EventCountry "ITA"]
[SourceTitle "CBM 213 Extra"]
[Source "ChessBase"]
[SourceDate "2023.05.31"]
[SourceVersion "1"]
[SourceVersionDate "2023.05.31"]
[SourceQuality "1"]
[WhiteTeam "Carrera Don Pietro"]
[BlackTeam "Il Grifone Di Arzignano"]
[WhiteTeamCountry "ITA"]
[BlackTeamCountry "ITA"]

1. d4 Nf6 2. c4 c5 3. d5 e5 4. Nc3 d6 5. e4 g6 6. Be2 Bg7 7. g4 a6 8. g5 Ng8 9. Be3 h6 10. Qd2 hxg5 11. Bxg5 f6 12. Be3 f5 13. Bg5 Bf6 14. Nf3 f4 15. Rg1 Nd7 16. 0-0-0 Ne7 17. Kb1 Bxg5 18. Rxg5 Qa5 19. Rdg1 Rh6 20. h4 Qd8 21. Bf1 Rh8 22. a3 Ra7 23. Bh3 Nb6 24. Bxc8 Qxc8 25. Qd1 Kd8 26. R5g4 Nd7 27. Qa4 Nf6 28. R4g2 Qd7 29. Qb3 b5 30. Ng5 Rxh4 31. cxb5 axb5 32. Nxb5 Ra6 33. Ne6+ Kc8 34. f3 Rb6 35. a4 Rh3 36. Qd3 Nh5 37. Nf8 Qe8 38. Nxg6 Ng3 39. Nxe7+ Qxe7 40. Rc1 Kb8 41. b4 cxb4 42. Qc4 Qd7 43. Qxb4 Rh8 44. Rgc2 Rh1 45. Rxh1 Nxh1 46. Qa5 1-0

[Event "ITA-chT GpA 54th"]
[Site "Bacoli"]
[Date "2023.04.25"]
[Round "1"]
[White "Santagati, Alessandro"]
[Black "Banikas, Hristos"]
[Result "0-1"]
[WhiteElo "2205"]
[BlackElo "2599"]
[PlyCount "52"]
[EventDate "2023.04.25"]
[EventType "team-tourn"]
[EventRounds "7"]
[EventCountry "ITA"]
[SourceTitle "CBM 213 Extra"]
[Source "ChessBase"]
[SourceDate "2023.05.31"]
[SourceVersion "1"]
[SourceVersionDate "2023.05.31"]
[SourceQuality "1"]
[WhiteTeam "Carrera Don Pietro"]
[BlackTeam "WorldtradingLab"]
[WhiteTeamCountry "ITA"]
[BlackTeamCountry "ITA"]

1. d4 Nf6 2. Bf4 g6 3. Nc3 d5 4. e3 Bg7 5. h4 h5 6. Nf3 0-0 7. Qd2 c5 8. 0-0-0 cxd4 9. exd4 Nc6 10. Ne5 Bf5 11. Nxc6 bxc6 12. Be5 Qa5 13. Kb1 Rab8 14. Bxb8 Rxb8 15. f3 c5 16. Nxd5 Qa3 17. Qc3 Bxc2+ 18. Kxc2 Qa4+ 19. Qb3 Rxb3 20. axb3 Qd7 21. Nxf6+ Bxf6 22. dxc5 Qf5+ 23. Rd3 Qxc5+ 24. Kd1 Bxb2 25. Rd8+ Kg7 26. Bc4 Qa5 0-1

[Event "Prague Summer op 9th"]
[Site "Prague"]
[Date "2022.08.09"]
[Round "6"]
[White "Santagati, Alessandro"]
[Black "Saypuri, Srithan"]
[Result "1-0"]
[WhiteElo "2287"]
[BlackElo "2045"]
[PlyCount "75"]
[EventDate "2022.08.05"]
[EventType "swiss"]
[EventRounds "9"]
[EventCountry "CZE"]
[SourceTitle "CBM 209 Extra"]
[Source "ChessBase"]
[SourceDate "2022.09.30"]
[SourceVersion "1"]
[SourceVersionDate "2022.09.30"]
[SourceQuality "1"]

1. e4 e5 2. Nf3 Nf6 3. Nxe5 d6 4. Nf3 Nxe4 5. Nc3 Nxc3 6. dxc3 Be7 7. Be3 Nc6 8. Qd2 Be6 9. 0-0-0 Qd7 10. Kb1 a6 11. h4 Bf6 12. Ng5 Bxg5 13. hxg5 0-0-0 14. Be2 Rde8 15. Rh4 f6 16. gxf6 gxf6 17. Rdh1 Ne5 18. b3 Bf5 19. Qd5 c5 20. Rd1 Rd8 21. Ra4 Be6 22. Qe4 f5 23. Qf4 Qc6 24. Qh6 Bd5 25. f3 Ng6 26. Qg5 Be6 27. Qf6 Rhe8 28. Bd3 Rd7 29. Bf2 Rf7 30. Qg5 b5 31. Ra5 c4 32. bxc4 Ne5 33. cxb5 axb5 34. Bxb5 Rb7 35. a4 Ree7 36. Qxe7 Rxe7 37. Bxc6 Nxc6 38. Ra6 1-0

[Event "Prague Summer op 9th"]
[Site "Prague"]
[Date "2022.08.07"]
[Round "3"]
[White "Philipp, Mathias"]
[Black "Santagati, Alessandro"]
[Result "1/2-1/2"]
[WhiteElo "2092"]
[BlackElo "2287"]
[PlyCount "182"]
[EventDate "2022.08.05"]
[EventType "swiss"]
[EventRounds "9"]
[EventCountry "CZE"]
[SourceTitle "CBM 209 Extra"]
[Source "ChessBase"]
[SourceDate "2022.09.30"]
[SourceVersion "1"]
[SourceVersionDate "2022.09.30"]
[SourceQuality "1"]

1. e4 c5 2. Nf3 g6 3. c3 d5 4. exd5 Qxd5 5. d4 Bg7 6. Be2 cxd4 7. cxd4 Nf6 8. Nc3 Qa5 9. 0-0 0-0 10. Ne5 Nbd7 11. Bf4 Nxe5 12. Bxe5 Be6 13. Bf3 Nd5 14. Bxg7 Kxg7 15. Qe2 Nxc3 16. bxc3 Rad8 17. Rfd1 Qxc3 18. Bxb7 Qc4 19. Qe5+ f6 20. Qc5 Rd7 21. Bf3 Rc8 22. Qa3 Qc3 23. Qa6 Qc4 24. Qa3 Rb8 25. d5 Bg4 26. Rac1 Qb4 27. Qe3 Bxf3 28. Qxf3 Qb2 29. a4 Rb4 30. Qe3 Rxa4 31. Qe6 Ra2 32. Rf1 Qb7 33. d6 Ra6 34. Rb1 Qc8 35. Rbc1 Qe8 36. Rfe1 Raxd6 37. Qa2 Qd8 38. Qb3 Qb6 39. Qa3 Re6 40. h4 Rxe1+ 41. Rxe1 Qd6 42. Qa4 Qd2 43. Rb1 Qd4 44. Qb5 Rd5 45. Qb7 Re5 46. Qa6 Kh6 47. g3 Rf5 48. Rf1 Kg7 49. Qa3 Qc5 50. Qa6 Rf3 51. Kg2 Ra3 52. Qe6 Rc3 53. Re1 Kf8 54. Ra1 Rc2 55. Qe1 a5 56. Rxa5 Rxf2+ 57. Qxf2 Qxa5 58. Qe3 Qd5+ 59. Kh2 g5 60. hxg5 Qxg5 61. Qe4 Qd2+ 62. Kh1 Qh6+ 63. Kg2 Qh5 64. Qa8+ Kg7 65. Qe4 Qe5 66. Qg4+ Kf7 67. Qc4+ e6 68. Kf2 Qf5+ 69. Kg1 Qf3 70. g4 Qe3+ 71. Kg2 Kg6 72. Qc2+ Kg5 73. Qxh7 Qe2+ 74. Kh1 Qf3+ 75. Kh2 Qf2+ 76. Kh3 Qf3+ 77. Kh2 Qxg4 78. Qg7+ Kf5 79. Qh7+ Kf4 80. Qc7+ e5 81. Qc1+ Kf5 82. Qc8+ Kg5 83. Qc5 Qe2+ 84. Kg3 Qg4+ 85. Kh2 Qd4 86. Qb5 f5 87. Kg2 e4 88. Qe8 Qb2+ 89. Kg3 f4+ 90. Kh3 f3 91. Qe5+ Qxe5 1/2-1/2

[Event "Prague Summer op 9th"]
[Site "Prague"]
[Date "2022.08.07"]
[Round "4"]
[White "Santagati, Alessandro"]
[Black "Gorkiewicz, Mateusz"]
[Result "1-0"]
[WhiteElo "2287"]
[BlackElo "1988"]
[PlyCount "61"]
[EventDate "2022.08.05"]
[EventType "swiss"]
[EventRounds "9"]
[EventCountry "CZE"]
[SourceTitle "CBM 209 Extra"]
[Source "ChessBase"]
[SourceDate "2022.09.30"]
[SourceVersion "1"]
[SourceVersionDate "2022.09.30"]
[SourceQuality "1"]

1. d4 Nf6 2. Bf4 e6 3. e3 d5 4. Nf3 c5 5. c3 Nc6 6. Nbd2 Bd6 7. Bg3 0-0 8. Bd3 b6 9. e4 Be7 10. e5 Nh5 11. h4 g6 12. Bh2 f5 13. exf6 Bxf6 14. g4 Ng7 15. h5 gxh5 16. Qc2 hxg4 17. Bxh7+ Kf7 18. Qg6+ Ke7 19. Ne5 Bxe5 20. dxe5 Nf5 21. Bf4 Kd7 22. Qxg4 Nce7 23. 0-0-0 Rf7 24. Ne4 Kc7 25. Nd6 Rf8 26. Bxf5 Nxf5 27. Rh7+ Bd7 28. Nxf5 exf5 29. Qg6 Kc8 30. Rxd5 Rg8 31. Rhxd7 1-0

[Event "Prague Summer op 9th"]
[Site "Prague"]
[Date "2022.08.06"]
[Round "2"]
[White "Santagati, Alessandro"]
[Black "Mansoor, Afras"]
[Result "1-0"]
[WhiteElo "2287"]
[BlackElo "2040"]
[PlyCount "203"]
[EventDate "2022.08.05"]
[EventType "swiss"]
[EventRounds "9"]
[EventCountry "CZE"]
[SourceTitle "CBM 209 Extra"]
[Source "ChessBase"]
[SourceDate "2022.09.30"]
[SourceVersion "1"]
[SourceVersionDate "2022.09.30"]
[SourceQuality "1"]

1. d4 Nf6 2. c4 e6 3. Nf3 d5 4. Nc3 Bb4 5. Qa4+ Nc6 6. e3 0-0 7. Bd2 Re8 8. Be2 Bf8 9. 0-0 Bd7 10. Qd1 dxc4 11. Bxc4 Na5 12. Bd3 c5 13. Ne5 Nc6 14. Qf3 Nxe5 15. dxe5 Bc6 16. e4 c4 17. Bxc4 Nxe4 18. Nxe4 Bxe4 19. Qe2 Bg6 20. Bb5 Re7 21. Bg5 a6 22. Rfd1 Qa5 23. Bxe7 Bxe7 24. Rd7 Qxb5 25. Qxb5 axb5 26. Rxe7 Be4 27. Rc1 Bc6 28. Rc7 g6 29. a3 Rd8 30. h4 h5 31. Rc2 Rd5 32. f4 Rd4 33. g3 Rd3 34. Kf2 Kf8 35. Rc3 Rd2+ 36. Ke3 Rxb2 37. Rd3 Ke8 38. Rc8+ Ke7 39. Rc7+ Ke8 40. Kd4 Rc2 41. Rc3 Rd2+ 42. Rd3 Rc2 43. Rc8+ Kd7 44. Rf8 Ke7 45. Rb8 Rc4+ 46. Ke3 Ra4 47. Rb3 Rc4 48. Kd2 Ra4 49. Kc2 Re4 50. Rc3 Rd4 51. Rb3 Rc4+ 52. Kd3 Be4+ 53. Kd2 Bc6 54. Rb4 Rc5 55. Rd4 Bd5 56. Ra8 Bc6 57. Rad8 Bd5 58. Rd6 Rc8 59. Rd3 Ra8 60. Rc3 Bc6 61. Rd4 Ra6 62. Kc2 Ra8 63. Kb3 Bd5+ 64. Kb2 Bc6 65. Rc5 Ra6 66. Kb3 Bd5+ 67. Rdxd5 exd5 68. Rxd5 Ra5 69. Rd6 Ra6 70. Rd3 Ra4 71. Rd5 Ra5 72. Kb2 Ke8 73. Rd3 Ra4 74. Rb3 Kd7 75. Rxb5 Kc6 76. Rb3 Re4 77. Rd3 b5 78. Kc3 Kc5 79. Kd2 Ra4 80. Ke3 Ra7 81. Ke4 Ra4+ 82. Kf3 Kc4 83. Rd7 Rxa3+ 84. Ke4 Rxg3 85. Rxf7 Rg1 86. Rc7+ Kb3 87. e6 Re1+ 88. Kd5 b4 89. e7 Ka2 90. Ra7+ Kb2 91. Kd6 b3 92. Kd7 Rd1+ 93. Ke6 Re1+ 94. Kf7 Kc2 95. Rc7+ Kd3 96. Rb7 Kc2 97. e8Q Rxe8 98. Kxe8 b2 99. Kf7 b1Q 100. Rxb1 Kxb1 101. Kxg6 Kc2 102. f5 1-0

[Event "ITA-chTA 53rd"]
[Site "Montesilvano"]
[Date "2022.04.23"]
[Round "7.1"]
[White "Bettalli, Francesco"]
[Black "Santagati, Alessandro"]
[Result "1-0"]
[WhiteElo "2287"]
[BlackElo "2301"]
[PlyCount "63"]
[EventDate "2022.04.19"]
[EventType "team-tourn"]
[EventRounds "7"]
[EventCountry "ITA"]
[SourceTitle "CBM 207 Extra"]
[Source "ChessBase"]
[SourceDate "2022.05.31"]
[SourceVersion "1"]
[SourceVersionDate "2022.05.31"]
[SourceQuality "1"]
[WhiteTeam "Rome Arrocco"]
[BlackTeam "Carrera Don Pietro"]
[WhiteTeamCountry "ITA"]
[BlackTeamCountry "ITA"]

1. e4 c6 2. d4 d5 3. exd5 cxd5 4. Bd3 Nc6 5. c3 Nf6 6. Bf4 Bg4 7. Qb3 Qd7 8. Nd2 e6 9. Ngf3 Bd6 10. Bxd6 Qxd6 11. 0-0 0-0 12. Rae1 Ne7 13. Ne5 Bf5 14. Bxf5 Nxf5 15. g4 Ne7 16. f4 Rab8 17. Qb5 a6 18. Qd3 b5 19. a3 a5 20. Re3 b4 21. axb4 axb4 22. Rh3 g6 23. Qg3 bxc3 24. bxc3 Kg7 25. Qh4 Neg8 26. f5 exf5 27. gxf5 Rb2 28. Rf2 Ra8 29. fxg6 Ra1+ 30. Kg2 Rxd2 31. gxh7 Rxf2+ 32. Qxf2 1-0

[Event "ITA-chTA 53rd"]
[Site "Montesilvano"]
[Date "2022.04.22"]
[Round "5.1"]
[White "Lumachi, Gabriele"]
[Black "Santagati, Alessandro"]
[Result "1-0"]
[WhiteElo "2313"]
[BlackElo "2301"]
[PlyCount "79"]
[EventDate "2022.04.19"]
[EventType "team-tourn"]
[EventRounds "7"]
[EventCountry "ITA"]
[SourceTitle "CBM 207 Extra"]
[Source "ChessBase"]
[SourceDate "2022.05.31"]
[SourceVersion "1"]
[SourceVersionDate "2022.05.31"]
[SourceQuality "1"]
[WhiteTeam "Catania Etna Scacchi"]
[BlackTeam "Carrera Don Pietro"]
[WhiteTeamCountry "ITA"]
[BlackTeamCountry "ITA"]

1. d4 Nf6 2. c4 g6 3. Nc3 Bg7 4. e4 d6 5. h3 Nbd7 6. Be3 e5 7. d5 h5 8. Qd2 Nc5 9. f3 h4 10. b4 Ncd7 11. c5 Bf8 12. Bb5 a6 13. Ba4 Rb8 14. f4 exf4 15. Bxf4 dxc5 16. e5 Nh5 17. e6 Qe7 18. Bg5 f6 19. 0-0-0 b5 20. exd7+ Qxd7 21. Bc2 fxg5 22. Bxg6+ Kd8 23. Nf3 Bd6 24. Nxg5 Qg7 25. Nf7+ Qxf7 26. Bxf7 Bf4 27. bxc5 b4 28. Ne4 Bf5 29. Kb2 Bxd2 30. Nxd2 Nf4 31. Rhf1 Nd3+ 32. Ka1 Bh7 33. Nb3 Ne5 34. Nd4 a5 35. Nc6+ Nxc6 36. dxc6+ Ke7 37. Rd7+ Kf8 38. Bc4+ Ke8 39. Re1+ Kf8 40. Rf7+ 1-0

[Event "ITA-chTA 53rd"]
[Site "Montesilvano"]
[Date "2022.04.20"]
[Round "3.1"]
[White "De Florio, Federico"]
[Black "Santagati, Alessandro"]
[Result "0-1"]
[WhiteElo "2248"]
[BlackElo "2301"]
[PlyCount "84"]
[EventDate "2022.04.19"]
[EventType "team-tourn"]
[EventRounds "7"]
[EventCountry "ITA"]
[SourceTitle "CBM 207 Extra"]
[Source "ChessBase"]
[SourceDate "2022.05.31"]
[SourceVersion "1"]
[SourceVersionDate "2022.05.31"]
[SourceQuality "1"]
[WhiteTeam "Savona"]
[BlackTeam "Carrera Don Pietro"]
[WhiteTeamCountry "ITA"]
[BlackTeamCountry "ITA"]

1. d4 d5 2. Nf3 Nf6 3. c4 e6 4. e3 b6 5. Nc3 Bd6 6. cxd5 exd5 7. Ne5 0-0 8. f4 Bf5 9. Be2 Ne4 10. 0-0 Nxc3 11. bxc3 f6 12. Bf3 Be7 13. Qb3 Be6 14. Nd3 Nc6 15. e4 Na5 16. Qc2 dxe4 17. Bxe4 Bd5 18. Bf5 g6 19. Bh3 c5 20. Re1 cxd4 21. cxd4 Nc6 22. Bb2 Nb4 23. Nxb4 Bxb4 24. Be6+ Kg7 25. Re3 Re8 26. f5 Rc8 27. Qa4 Bd6 28. Rae1 Bf4 29. R3e2 Rc7 30. g3 Bh6 31. Qxe8 Qxe8 32. Bxd5 Qb5 33. Re7+ Rxe7 34. Rxe7+ Kh8 35. Bb3 Bd2 36. fxg6 hxg6 37. Kf2 a5 38. Ba3 Qd3 39. Re8+ Kh7 40. Re7+ Kh6 41. h4 a4 42. Bg8 Kh5 0-1

[Event "ITA-chTA 53rd"]
[Site "Montesilvano"]
[Date "2022.04.19"]
[Round "1.1"]
[White "Ladron de Guevara Pinto, Paolo"]
[Black "Santagati, Alessandro"]
[Result "1-0"]
[WhiteElo "2430"]
[BlackElo "2301"]
[PlyCount "73"]
[EventDate "2022.04.19"]
[EventType "team-tourn"]
[EventRounds "7"]
[EventCountry "ITA"]
[SourceTitle "CBM 207 Extra"]
[Source "ChessBase"]
[SourceDate "2022.05.31"]
[SourceVersion "1"]
[SourceVersionDate "2022.05.31"]
[SourceQuality "1"]
[WhiteTeam "WorldtradingLab"]
[BlackTeam "Carrera Don Pietro"]
[WhiteTeamCountry "ITA"]
[BlackTeamCountry "ITA"]

1. e4 e6 2. d4 d5 3. Nc3 Nf6 4. e5 Nfd7 5. f4 c5 6. Nf3 Nc6 7. Ne2 Qb6 8. c3 Be7 9. g3 0-0 10. Bg2 a5 11. 0-0 a4 12. Kh1 a3 13. b3 Qa6 14. g4 f6 15. Ng3 cxd4 16. cxd4 fxe5 17. fxe5 Qb6 18. Nh5 Ndb8 19. g5 Na6 20. Bh3 Nc7 21. g6 hxg6 22. Nf4 Kh7 23. Qd3 Rxf4 24. Bxf4 Bd7 25. Rg1 Be8 26. Bg5 Bf8 27. Rac1 Nb5 28. Be3 Be7 29. Rg4 Rc8 30. Bg5 Nb4 31. Rxc8 Nxd3 32. Rh4+ Kg8 33. Rxe8+ Bf8 34. Bxe6+ Qxe6 35. Rxe6 Nc3 36. Re8 Kf7 37. Rxf8+ 1-0

[Event "Benidorm op-A"]
[Site "Benidorm"]
[Date "2021.12.08"]
[Round "5"]
[White "Santagati, Alessandro"]
[Black "Cumming, Rhys"]
[Result "1/2-1/2"]
[WhiteElo "2279"]
[BlackElo "2377"]
[PlyCount "85"]
[EventDate "2021.12.04"]
[EventType "swiss"]
[EventRounds "9"]
[EventCountry "ESP"]
[SourceTitle "CBM 205 Extra"]
[Source "ChessBase"]
[SourceDate "2022.01.31"]
[SourceVersion "1"]
[SourceVersionDate "2022.01.31"]
[SourceQuality "1"]

1. e4 e5 2. Nf3 Nc6 3. Bb5 a6 4. Bxc6 dxc6 5. 0-0 Bg4 6. h3 h5 7. d3 Qf6 8. Nbd2 g5 9. b4 Qg7 10. Nc4 f6 11. Rb1 Be6 12. Kh2 0-0-0 13. Qe2 Ne7 14. a4 Ng6 15. Qe3 g4 16. Ng1 Nf4 17. h4 Bxc4 18. dxc4 c5 19. b5 a5 20. b6 Rd6 21. bxc7 Qxc7 22. Ba3 Ne6 23. Rb5 b6 24. Ne2 Nd4 25. Nxd4 exd4 26. Qb3 Bh6 27. g3 Bd2 28. Rb1 Bb4 29. Bxb4 axb4 30. Ra1 Kb7 31. a5 Ra8 32. Qd3 Ra6 33. e5 fxe5 34. Qe4+ Qc6 35. Qxe5 Rd7 36. Qxh5 Qf3 37. Kg1 Rf7 38. Rf1 Qf5 39. Qh6 Rf6 40. Qg7+ Rf7 41. Qh6 Rf6 42. Qg7+ Rf7 43. Qh6 1/2-1/2

[Event "ITA-ch sf 80th"]
[Site "Civitanova Marche"]
[Date "2021.07.24"]
[Round "8"]
[White "Barp, Alberto"]
[Black "Santagati, Alessandro"]
[Result "1-0"]
[WhiteElo "2374"]
[BlackElo "2302"]
[PlyCount "99"]
[EventDate "2021.07.17"]
[EventType "swiss"]
[EventRounds "9"]
[EventCountry "ITA"]
[SourceTitle "CBM 203 Extra"]
[Source "ChessBase"]
[SourceDate "2021.09.30"]
[SourceVersion "1"]
[SourceVersionDate "2021.09.30"]
[SourceQuality "1"]

1. d4 d5 2. c4 c6 3. Nf3 Nf6 4. Nc3 a6 5. g3 dxc4 6. a4 e6 7. Bg2 c5 8. dxc5 Qxd1+ 9. Nxd1 Bxc5 10. Ne5 Ke7 11. 0-0 Ra7 12. Be3 Bxe3 13. Nxe3 Nbd7 14. N3xc4 Nxe5 15. Nxe5 Nd7 16. Nf3 Nb8 17. b4 Bd7 18. Ne5 Rc8 19. a5 Bb5 20. Rfc1 Rxc1+ 21. Rxc1 Nd7 22. Nc4 Bxc4 23. Rxc4 Kd6 24. f4 Nb8 25. Kf2 Nc6 26. Ke3 Ra8 27. Kd2 Rb8 28. Kc3 Na7 29. e4 f6 30. Rc5 Nb5+ 31. Kd3 Kd7 32. e5 b6 33. Rc6 bxa5 34. bxa5 Nc7 35. Rb6 Rxb6 36. axb6 Nb5 37. f5 fxe5 38. fxe6+ Kc8 39. e7 Nd6 40. b7+ Kc7 41. Bc6 a5 42. e8Q Nxe8 43. Bxe8 Kxb7 44. Ke4 Kc7 45. Kxe5 Kd8 46. Ba4 Ke7 47. Bb3 g6 48. h4 Ke8 49. Kf6 Kf8 50. g4 1-0